| 000 | 00383nam a22001457a 4500 | ||
|---|---|---|---|
| 082 | _a581.650 96. | ||
| 100 | _aIvens W.G. | ||
| 245 | _aEast African Weeds and Their Control. | ||
| 260 |
_aDar es salaam. _bEly House. _c1971 |
||
| 300 |
_aviii,250p. _bill,;21cm. |
||
| 500 | _aInclude index. | ||
| 650 | _aEast African Weeds and Their Control. | ||
| 700 | _aG.W.Ivens. | ||
| 942 | _cBK | ||
| 999 |
_c17930 _d17930 |
||